[Event "EU-chT Seniors 05th"]
[Site "Dresden"]
[Date "2003.02.23"]
[Round "1.1"]
[White "Baumgartner, Heinz"]
[Black "Wiemer, Juergen"]
[Result "1-0"]
[WhiteElo "2381"]
[BlackElo "2043"]
[EventDate "2003.02.23"]
[PlyCount "79"]

1.Nf3 Nf6 2.g3 b6 3.Bg2 Bb7 4.O-O g6 5.c4 c5 6.Nc3 Bg7 7.Re1 O-O 8.e4 d6 
9.d4 Nfd7 10.h3 Na6 11.b3 Nc7 12.Be3 Rc8 13.Qd2 Re8 14.Rad1 Ne6 15.d5 Nc7 
16.Bh6 Bf6 17.Bg5 Bg7 18.Nh2 Rb8 19.Bf1 Bc8 20.Kg2 a6 21.a4 f6 22.Bh6 Ne5 
23.Bxg7 Kxg7 24.f4 Nf7 25.Nf3 e5 26.dxe6 Bxe6 27.Qb2 Qc8 28.Kh2 h6 29.Nd5 
Nxd5 30.cxd5 Bd7 31.e5 dxe5 32.fxe5 fxe5 33.Nxe5 Nxe5 34.Rxe5 Kg8 35.Rde1 
Rxe5 36.Qxe5 b5 37.Qf6 Bf5 38.g4 Bc2 39.Re7 Qf8 40.Qe6+ 1-0

[Event "EU-chT Seniors 05th"]
[Site "Dresden"]
[Date "2003.02.23"]
[Round "1.1"]
[White "Biebinger, Gerhard"]
[Black "Hampel, Johannes"]
[Result "1/2-1/2"]
[WhiteElo "2376"]
[BlackElo "2003"]
[EventDate "2003.02.23"]
[PlyCount "58"]

1.c4 e6 2.Nf3 d5 3.d4 Nf6 4.Nc3 Be7 5.Bg5 O-O 6.e3 h6 7.Bh4 b6 8.Rc1 Bb7 
9.Bd3 dxc4 10.Bxc4 Nbd7 11.Qe2 c5 12.Ba6 Bxa6 13.Qxa6 cxd4 14.exd4 Nd5 15.
Bg3 Qc8 16.Qe2 Qb7 17.O-O N7f6 18.Nxd5 Nxd5 19.Ne5 Rac8 20.h3 Rxc1 21.Rxc1
Rc8 22.Rc4 Rxc4 23.Qxc4 Bd6 24.Qb5 Nf6 25.Qc4 b5 26.Qc6 Qxc6 27.Nxc6 Bxg3 
28.fxg3 a6 29.g4 Nd5 1/2-1/2

[Event "EU-chT Seniors 05th"]
[Site "Dresden"]
[Date "2003.02.23"]
[Round "1.1"]
[White "Cording, Harm"]
[Black "Turikov, Viktor"]
[Result "0-1"]
[WhiteElo "2265"]
[BlackElo "2370"]
[EventDate "2003.02.23"]
[PlyCount "88"]

1.d4 b6 2.e4 Bb7 3.Bd3 e6 4.Nf3 c5 5.c3 Nf6 6.Nbd2 Be7 7.O-O d5 8.e5 Nfd7 
9.Re1 Nc6 10.a3 c4 11.Bc2 b5 12.b3 Nb6 13.a4 b4 14.bxc4 bxc3 15.Nb1 Nxc4 
16.Nxc3 Bb4 17.Bg5 Qa5 18.Nb5 h6 19.Bf4 g5 20.Bg3 Bxe1 21.Nxe1 a6 22.Nd6+ 
Nxd6 23.exd6 Bc8 24.Nf3 f5 25.Ne5 Nxe5 26.Bxe5 O-O 27.Bd3 Bd7 28.Rc1 Rac8 
29.Rc7 Rxc7 30.dxc7 Kh7 31.h4 Kg6 32.f4 Qxa4 33.Qg4 Qa3 34.Qg3 Qc1+ 35.Kh2
a5 36.fxg5 hxg5 37.Ba6 a4 38.hxg5 Rf7 39.Qf4 Qe1 40.g4 a3 41.gxf5+ exf5 
42.c8=Q Bxc8 43.Bxc8 Rh7+ 44.Kg2 Qe4+ 0-1

[Event "EU-chT Seniors 05th"]
[Site "Dresden"]
[Date "2003.02.23"]
[Round "1.1"]
[White "Delander, Adolf"]
[Black "Hamm, Georg"]
[Result "1/2-1/2"]
[WhiteElo "2197"]
[BlackElo "2059"]
[EventDate "2003.02.23"]
[PlyCount "28"]

1.d4 Nf6 2.Nf3 g6 3.Nbd2 Bg7 4.e4 d6 5.Bc4 O-O 6.O-O c6 7.c3 d5 8.Bd3 dxe4
9.Nxe4 Nxe4 10.Bxe4 Be6 11.Re1 Re8 12.Bf4 Bd5 13.Qc2 Bxe4 14.Rxe4 Nd7 
1/2-1/2

[Event "EU-chT Seniors 05th"]
[Site "Dresden"]
[Date "2003.02.23"]
[Round "1.1"]
[White "Denda, Ronald"]
[Black "Stavenhagen, Johannes"]
[Result "0-1"]
[WhiteElo "1861"]
[BlackElo "2080"]
[EventDate "2003.02.23"]
[PlyCount "108"]

1.e4 d5 2.exd5 Qxd5 3.Nc3 Qa5 4.d4 Nf6 5.Nf3 c6 6.Bc4 Bg4 7.h3 Bf5 8.g4 
Be4 9.O-O Bd5 10.Qe2 Nbd7 11.Bd2 Qc7 12.g5 Bxc4 13.Qxc4 Nb6 14.Qe2 Nfd7 
15.Ne5 Nxe5 16.dxe5 O-O-O 17.Rad1 e6 18.f4 Be7 19.Ne4 h6 20.h4 hxg5 21.
hxg5 Rh4 22.Kg2 Rdh8 23.Rh1 Nd5 24.Rxh4 Rxh4 25.Kg3 Rh8 26.c4 Nb6 27.Ba5 
Qb8 28.c5 Nd5 29.Nd6+ Bxd6 30.exd6 Kd7 31.Rxd5 Rh7 32.Rd3 Qh8 33.Qg2 Rh1 
34.Rd2 Qh4+ 35.Kf3 Rh3+ 36.Ke4 f5+ 37.gxf6 Qh7+ 38.Kd4 gxf6 39.Qe4 e5+ 40.
fxe5 fxe5+ 41.Qxe5 Qh4+ 42.Qe4 Qf6+ 43.Kc4 Rh4 44.Rd4 Rxe4 45.Rxe4 Qf1+ 
46.Kd4 Qf2+ 47.Kd3 Qxc5 48.Bc7 Qd5+ 49.Ke3 c5 50.b4 Qg5+ 51.Kd3 Qd5+ 52.
Ke3 cxb4 53.Rxb4 a5 54.Ra4 Qe5+ 0-1

[Event "EU-chT Seniors 05th"]
[Site "Dresden"]
[Date "2003.02.23"]
[Round "1.1"]
[White "Duemmke, Juergen"]
[Black "Braun, Gottfried"]
[Result "0-1"]
[WhiteElo "2187"]
[BlackElo "2251"]
[EventDate "2003.02.23"]
[PlyCount "164"]

1.e4 c6 2.Nc3 d5 3.Nf3 dxe4 4.Nxe4 Nf6 5.Nxf6+ exf6 6.Bc4 Bd6 7.Qe2+ Be7 
8.O-O O-O 9.d4 Bg4 10.c3 Bd6 11.h3 Bh5 12.Re1 Nd7 13.g4 Bg6 14.Nh4 Nb6 15.
Nxg6 hxg6 16.Bb3 Bc7 17.Qe7 Qb8 18.Qe4 Re8 19.Qxe8+ Qxe8 20.Rxe8+ Rxe8 21.
Kf1 Nd5 22.Bd2 Bf4 23.Bxd5 Bxd2 24.Bf3 Kf8 25.Rd1 Bf4 26.d5 Rd8 27.Rd4 Be5
28.Rb4 cxd5 29.Rxb7 d4 30.c4 Rb8 31.Rxb8+ Bxb8 32.Ke2 Bd6 33.Kd3 Ke7 34.
Bd5 Bc5 35.a3 a5 36.f3 f5 37.g5 f6 38.h4 fxg5 39.hxg5 Kd6 40.f4 Ke7 41.b4 
axb4 42.axb4 Bxb4 43.Ke2 Ba3 44.Kf3 d3 45.Kg3 d2 46.Bf3 Kd6 47.Kf2 Kc5 48.
Ke3 Kxc4 49.Kxd2 Kd4 50.Bc6 Bd6 51.Ke2 Bxf4 52.Kf3 Bxg5 53.Be8 Ke5 54.Bxg6
Kf6 55.Bh7 Bc1 56.Bg8 g5 57.Bd5 g4+ 58.Kg3 Kg5 59.Bc6 Ba3 60.Bb7 Bd6+ 61.
Kg2 Kf4 62.Bc8 Kg5 63.Bd7 f4 64.Bc6 Kf6 65.Bb7 Bb4 66.Kf2 Kg5 67.Kg2 Be1 
68.Kf1 Bh4 69.Ke2 Bg3 70.Bc6 Bh4 71.Be4 Kf6 72.Bb7 Ke5 73.Bc6 Be7 74.Bb7 
Bc5 75.Bc6 Kf5 76.Bd5 Kg5 77.Bc6 Kh4 78.Bd5 Kg3 79.Kf1 f3 80.Be6 Kf4 81.
Bd7 g3 82.Bh3 Kg5 0-1

[Event "EU-chT Seniors 05th"]
[Site "Dresden"]
[Date "2003.02.23"]
[Round "1.1"]
[White "Eskandary, Jahja"]
[Black "Wicklund Hansen, Richard"]
[Result "1-0"]
[WhiteElo "2172"]
[BlackElo "2046"]
[EventDate "2003.02.23"]
[PlyCount "77"]

1.e4 Nc6 2.Nc3 d6 3.Bc4 Nf6 4.d3 g6 5.Be3 Bg7 6.Qd2 Na5 7.Bh6 Nxc4 8.dxc4 
O-O 9.f3 e5 10.h4 Nh5 11.g4 Bxh6 12.Qxh6 Nf4 13.Nh3 f5 14.Nxf4 exf4 15.
gxf5 Qe7 16.fxg6 Qg7 17.gxh7+ Kh8 18.Qxg7+ Kxg7 19.O-O-O Kxh7 20.Rd5 Be6 
21.Rh5+ Kg6 22.Rg5+ Kh6 23.b3 Bf7 24.Nb5 Bh5 25.Nd4 Bg6 26.Rhg1 Rf6 27.h5 
Bh7 28.R5g4 Re8 29.Ne2 Ref8 30.Kd2 c6 31.Rh4 d5 32.cxd5 cxd5 33.exd5 Rc8 
34.c4 b5 35.Kc3 bxc4 36.bxc4 Ra6 37.Rxf4 Rxa2 38.Rf6+ Kxh5 39.Nf4+ 1-0

[Event "EU-chT Seniors 05th"]
[Site "Dresden"]
[Date "2003.02.23"]
[Round "1.1"]
[White "Hecht, Hans Joachim"]
[Black "Vasiukov, Evgeni"]
[Result "1-0"]
[WhiteElo "2381"]
[BlackElo "2542"]
[EventDate "2003.02.23"]
[PlyCount "107"]

1.d4 Nf6 2.c4 c5 3.d5 e6 4.Nc3 exd5 5.cxd5 Bd6 6.Nf3 Bc7 7.e4 d6 8.h3 O-O 
9.Bd3 a6 10.O-O Nbd7 11.Bg5 Re8 12.Re1 h6 13.Bh4 Ba5 14.Rc1 b5 15.a3 Bb7 
16.Bb1 Rc8 17.Bg3 Ne5 18.Nxe5 dxe5 19.f4 Bc7 20.f5 c4 21.Bf2 Bb6 22.Qf3 
Qd6 23.Re2 Bxf2+ 24.Rxf2 Qb6 25.Nd1 a5 26.Qe3 Qxe3 27.Nxe3 Ba6 28.g4 b4 
29.axb4 axb4 30.Kg2 Red8 31.Kf3 Ne8 32.h4 Nd6 33.g5 h5 34.Nc2 Rb8 35.Ke3 
Rb6 36.Ne1 b3 37.Nf3 Re8 38.f6 c3 39.Rxc3 Nc4+ 40.Rxc4 Bxc4 41.fxg7 Kxg7 
42.Nxe5 Rxe5 43.Kd4 Re8 44.Kxc4 Rc8+ 45.Kd4 Rb4+ 46.Ke3 Rc1 47.Bd3 Rh1 48.
Kd2 Rxh4 49.Kc3 Rb8 50.d6 Rd8 51.e5 Rc8+ 52.Kxb3 Rh3 53.Rd2 Re3 54.Kb4 1-0

[Event "EU-chT Seniors 05th"]
[Site "Dresden"]
[Date "2003.02.23"]
[Round "1.1"]
[White "Hempson, Peter W"]
[Black "Nautsch, Werner"]
[Result "0-1"]
[WhiteElo "2197"]
[BlackElo "2279"]
[EventDate "2003.02.23"]
[PlyCount "60"]

1.d4 g6 2.e4 Bg7 3.c3 d6 4.Nf3 Nf6 5.Nbd2 O-O 6.Bd3 e5 7.dxe5 dxe5 8.Nc4 
Nc6 9.Bg5 Qe7 10.Qe2 h6 11.Bxf6 Qxf6 12.Ne3 Be6 13.Bc4 Ne7 14.Bxe6 Qxe6 
15.Qc4 Qb6 16.O-O c6 17.Rad1 Rad8 18.b3 Nc8 19.Rxd8 Rxd8 20.Qe2 Nd6 21.c4 
Nxe4 22.Ng4 Nc3 23.Qc2 e4 24.Ne1 Qd4 25.g3 Qd2 26.Ne3 Qxc2 27.N1xc2 Nxa2 
28.f3 exf3 29.Rxf3 Rd3 30.b4 Rb3 0-1

[Event "EU-chT Seniors 05th"]
[Site "Dresden"]
[Date "2003.02.23"]
[Round "1.1"]
[White "Holt, Trevor J"]
[Black "Kort, Jacob"]
[Result "0-1"]
[WhiteElo "1776"]
[BlackElo "2225"]
[EventDate "2003.02.23"]
[PlyCount "90"]

1.e4 e5 2.Nf3 Nc6 3.Bc4 Nf6 4.d4 exd4 5.O-O Nxe4 6.Re1 d5 7.Bxd5 Qxd5 8.
Nc3 Qa5 9.Nxe4 Be6 10.Bg5 h6 11.Bh4 Bc5 12.a3 Bb6 13.b4 Qf5 14.Qd3 O-O 15.
h3 a6 16.Rad1 Rfe8 17.Kh2 Qg6 18.g4 Bd5 19.Nfd2 Kh7 20.f4 f6 21.Bxf6 Bxe4 
22.Nxe4 Rxe4 23.Rxe4 gxf6 24.Rde1 Rg8 25.Qf3 f5 26.Re6 fxg4 27.Qe2 Qf5 28.
Qd2 gxh3 29.R6e2 Kh8 30.Rf1 Nd8 31.Re5 Qg4 32.Re2 Qg3+ 33.Kh1 Nf7 34.c4 
dxc3 35.Qd5 Qg2+ 36.Rxg2 hxg2+ 37.Qxg2 Rxg2 38.Kxg2 Kg7 39.Kf3 Nd6 40.Ke2 
Bd4 41.Kd3 Bf6 42.Rg1+ Kf7 43.Rh1 Nb5 44.Rh2 Ke6 45.Ke4 h5 0-1

[Event "EU-chT Seniors 05th"]
[Site "Dresden"]
[Date "2003.02.23"]
[Round "1.1"]
[White "Johannessen, Svein"]
[Black "Pojedziniec, Wladyslaw"]
[Result "1/2-1/2"]
[WhiteElo "2337"]
[BlackElo "2225"]
[EventDate "2003.02.23"]
[PlyCount "62"]

1.f4 Nf6 2.Nf3 g6 3.g3 Bg7 4.Bg2 O-O 5.d3 d6 6.e4 Nc6 7.O-O e5 8.Nc3 Be6 
9.h3 exf4 10.gxf4 h6 11.f5 Bd7 12.Be3 Kh7 13.d4 Nh5 14.Kh2 Ne7 15.Rf2 d5 
16.fxg6+ fxg6 17.exd5 Nf5 18.Qd3 Qe7 19.Re1 Qd6+ 20.Kg1 Nxe3 21.Qxe3 Nf4 
22.Ne5 Nxg2 23.Rxg2 Bf5 24.Nb5 Qb6 25.c4 Rae8 26.Kh2 a6 27.Nc3 c5 28.dxc6 
bxc6 29.c5 Qc7 30.Qg3 Re6 31.Rge2 Rfe8 1/2-1/2

[Event "EU-chT Seniors 05th"]
[Site "Dresden"]
[Date "2003.02.23"]
[Round "1.1"]
[White "Kleinwaechter, Matthias"]
[Black "Littlewood, John Eric"]
[Result "0-1"]
[WhiteElo "1998"]
[BlackElo "2286"]
[EventDate "2003.02.23"]
[PlyCount "46"]

1.e4 e5 2.Nf3 d6 3.d4 exd4 4.Nxd4 g6 5.Nc3 Bg7 6.Be3 Nf6 7.f3 O-O 8.Qd2 d5
9.exd5 Nxd5 10.Nxd5 Qxd5 11.c4 Qe5 12.f4 Qf6 13.O-O-O Rd8 14.Qf2 Na6 15.h3
c5 16.Nb3 Qxb2+ 17.Qxb2 Bxb2+ 18.Kxb2 Rxd1 19.Kc2 Re1 20.Kd2 Rb1 21.Kc2 
Bf5+ 22.Kc3 Nb4 23.Nxc5 Rd8 0-1

[Event "EU-chT Seniors 05th"]
[Site "Dresden"]
[Date "2003.02.23"]
[Round "1.1"]
[White "Neubert, Gerhard"]
[Black "Schmidt, Gerhard"]
[Result "1/2-1/2"]
[WhiteElo "1943"]
[BlackElo "2225"]
[EventDate "2003.02.23"]
[PlyCount "90"]

1.f4 d5 2.Nf3 Nf6 3.e3 Bg4 4.Be2 e6 5.O-O Bd6 6.Ne5 Bxe2 7.Qxe2 Nbd7 8.d4 
Ne4 9.Nd2 Nxd2 10.Bxd2 c6 11.Nxd7 Qxd7 12.e4 O-O-O 13.e5 Be7 14.Qd3 g6 15.
Qb3 c5 16.dxc5 Bxc5+ 17.Kh1 Kb8 18.Bb4 Rc8 19.Bxc5 Rxc5 20.Rad1 Rhc8 21.c3
Rc4 22.g3 h5 23.h4 Qc6 24.Kg1 Re4 25.Rfe1 Qc5+ 26.Kg2 Rxe1 27.Rxe1 d4 28.
cxd4 Qxd4 29.Re2 Rc1 30.Rf2 Qe4+ 31.Qf3 Qe1 32.Kh3 a6 33.Qg2 Rd1 34.Re2 
Qa5 35.b3 Qd5 36.Qxd5 Rxd5 37.Kg2 Kc7 38.Kf2 Rd3 39.Re3 Rd2+ 40.Re2 Rd3 
41.Re3 Rd2+ 42.Re2 Rd7 43.Rc2+ Kb6 44.Ke2 Kb5 45.a3 a5 1/2-1/2

[Event "EU-chT Seniors 05th"]
[Site "Dresden"]
[Date "2003.02.23"]
[Round "1.1"]
[White "Uhlmann, Wolfgang"]
[Black "Neukirch, Detlef"]
[Result "1-0"]
[WhiteElo "2446"]
[BlackElo "2287"]
[EventDate "2003.02.23"]
[PlyCount "119"]

1.c4 Nf6 2.Nc3 c5 3.Nf3 e6 4.e3 d5 5.d4 Nc6 6.a3 cxd4 7.exd4 Be7 8.Bd3 O-O
9.O-O b6 10.Bg5 Bb7 11.Rc1 dxc4 12.Bxc4 Nd5 13.Ne4 Bxg5 14.Nexg5 h6 15.Ne4
Nce7 16.Qd2 Nf5 17.Rfd1 Qe7 18.Ng3 Nd6 19.Bd3 Rac8 20.Bb1 Rxc1 21.Rxc1 Rc8
22.Rxc8+ Bxc8 23.h3 Bb7 24.Ne5 Qg5 25.Qxg5 hxg5 26.Ne4 Nxe4 27.Bxe4 Kf8 
28.g4 Ke7 29.Kh2 f6 30.Nc4 Ba6 31.Bxd5 exd5 32.Ne3 Ke6 33.Kg3 Bd3 34.Ng2 
Kd6 35.f4 Be4 36.fxg5 fxg5 37.Ne3 Ke6 38.Nd1 Kd6 39.Nc3 Bd3 40.h4 gxh4+ 
41.Kxh4 Ke6 42.Kg5 Kd6 43.Nd1 Kc6 44.Kf4 Kb5 45.b3 Bc2 46.Nc3+ Kc6 47.b4 
Kd6 48.Nb5+ Kd7 49.Ke5 Bb3 50.Nxa7 Bc4 51.a4 Bb3 52.Nb5 Bxa4 53.Nc3 Bb3 
54.Nxd5 Kc6 55.Nc3 Bf7 56.d5+ Kd7 57.Na4 Kc7 58.Nb2 b5 59.Nd3 Bg6 60.Nc5 
1-0

[Event "EU-chT Seniors 05th"]
[Site "Dresden"]
[Date "2003.02.23"]
[Round "1.1"]
[White "Weber, Bernd"]
[Black "Keller, Dieter"]
[Result "0-1"]
[WhiteElo "2115"]
[BlackElo "2385"]
[EventDate "2003.02.23"]
[PlyCount "60"]

1.d4 d5 2.Nf3 Nf6 3.c4 dxc4 4.e3 g6 5.Bxc4 Bg7 6.O-O O-O 7.Nc3 c5 8.dxc5 
Qa5 9.Bd2 Qxc5 10.Be2 Nc6 11.Rc1 Be6 12.b4 Qd6 13.b5 Ne5 14.Nxe5 Qxe5 15.
Qa4 Rad8 16.Rfd1 Qb8 17.Bf3 Nd7 18.Qb4 Ne5 19.Qxe7 Rd7 20.Qh4 Nxf3+ 21.
gxf3 Rc8 22.Ne4 Rcd8 23.Rc2 Bf5 24.Kf1 h6 25.Ke2 Qe5 26.a4 g5 27.Qg3 Qe6 
28.Rc7 Bxe4 29.Rxd7 Qxd7 30.fxe4 Bc3 0-1

[Event "EU-chT Seniors 05th"]
[Site "Dresden"]
[Date "2003.02.23"]
[Round "1.2"]
[White "Chernikov, Oleg L"]
[Black "Opl, Klaus"]
[Result "1/2-1/2"]
[WhiteElo "2460"]
[BlackElo "2283"]
[EventDate "2003.02.23"]
[PlyCount "61"]

1.d4 Nf6 2.c4 e6 3.Nf3 d5 4.Bg5 Nbd7 5.e3 Bb4+ 6.Nbd2 O-O 7.a3 Be7 8.Qc2 
c5 9.cxd5 Nxd5 10.Bxe7 Qxe7 11.dxc5 Nxc5 12.b4 Nd7 13.e4 N5f6 14.e5 Nd5 
15.Bd3 h6 16.O-O a5 17.bxa5 Rxa5 18.Qb2 Nc5 19.Bb1 Bd7 20.Rc1 Ba4 21.Qd4 
Bc6 22.Nc4 Ra4 23.Bc2 Ra6 24.Nd6 b6 25.Qg4 Rfa8 26.Nd4 Bd7 27.Nb3 Ra4 28.
Qh5 Rxa3 29.Rxa3 Rxa3 30.Nxc5 bxc5 31.g3 1/2-1/2

[Event "EU-chT Seniors 05th"]
[Site "Dresden"]
[Date "2003.02.23"]
[Round "1.2"]
[White "Forselv, Edmund"]
[Black "Koksch, Guenther"]
[Result "0-1"]
[WhiteElo "1853"]
[BlackElo "2191"]
[EventDate "2003.02.23"]
[PlyCount "86"]

1.e4 e6 2.d4 b6 3.Nc3 Bb7 4.Nf3 Bb4 5.Bd3 Nf6 6.Qe2 d5 7.e5 Ne4 8.Bd2 Nxd2
9.Qxd2 c5 10.a3 Bxc3 11.Qxc3 Nd7 12.O-O Rc8 13.Qe1 Rc7 14.c3 Qc8 15.Qe3 h6
16.Rfe1 Ba6 17.Rac1 O-O 18.g4 Bxd3 19.Qxd3 cxd4 20.Nxd4 Nc5 21.Qe3 Qa6 22.
Rc2 Qc4 23.f3 Rfc8 24.h4 Nb3 25.Nxb3 Qxb3 26.Rg2 Qc4 27.Rd1 Qb3 28.Rd4 Qa2
29.g5 h5 30.Kh2 g6 31.Ra4 Qb1 32.Re2 Rc4 33.Rxc4 Rxc4 34.Qf2 Qf5 35.Qg3 
Qd3 36.Rf2 Qd1 37.Rg2 d4 38.cxd4 Qxd4 39.Kh3 Rc1 40.Kh2 Rb1 41.f4 Rxb2 42.
Qf3 Rb1 43.a4 Rb4 0-1

[Event "EU-chT Seniors 05th"]
[Site "Dresden"]
[Date "2003.02.23"]
[Round "1.2"]
[White "Golcman, Evgeny"]
[Black "Tuerk, Heinz"]
[Result "1-0"]
[WhiteElo "2350"]
[BlackElo "2120"]
[EventDate "2003.02.23"]
[PlyCount "75"]

1.c4 e5 2.g3 Nf6 3.Bg2 Nc6 4.Nf3 d5 5.cxd5 Nxd5 6.O-O Be7 7.Nc3 Be6 8.d3 
Qd7 9.Bd2 O-O 10.Rc1 f5 11.Na4 h6 12.Nc5 Bxc5 13.Rxc5 e4 14.Ne1 Nf6 15.b3 
Bf7 16.Kh1 b6 17.Rc1 Nd4 18.Bc3 Bh5 19.Bxd4 Qxd4 20.Rxc7 Ng4 21.e3 Qe5 22.
Qc2 Rad8 23.Rxa7 Rc8 24.Qd2 Rfd8 25.Rb7 Rd6 26.h3 Nf6 27.d4 Qb5 28.Re7 Nd5
29.Re5 g6 30.g4 fxg4 31.Bxe4 Nf6 32.Bxg6 Kg7 33.Bf5 Rc7 34.f3 Kf8 35.hxg4 
Re7 36.e4 Nxg4 37.Bxg4 Rxe5 38.Qf4+ 1-0

[Event "EU-chT Seniors 05th"]
[Site "Dresden"]
[Date "2003.02.23"]
[Round "1.2"]
[White "Just, Joachim"]
[Black "Lieb, Harald"]
[Result "0-1"]
[WhiteElo "2136"]
[BlackElo "2336"]
[EventDate "2003.02.23"]
[PlyCount "144"]

1.Nf3 Nf6 2.d4 g6 3.Bg5 Bg7 4.e3 b6 5.Nbd2 Bb7 6.Be2 O-O 7.O-O d6 8.c3 
Nbd7 9.Qc2 e5 10.dxe5 dxe5 11.e4 h6 12.Bxf6 Qxf6 13.Rfe1 Nc5 14.Bf1 a5 15.
Rad1 Rad8 16.Bc4 Rfe8 17.b4 axb4 18.cxb4 Na6 19.Qa4 Ra8 20.Qb3 c6 21.Nf1 
Qe7 22.a3 Nc7 23.Rd2 Bc8 24.Red1 b5 25.Be2 Ne6 26.Rc1 Ra6 27.Ne3 Nd4 28.
Qb2 Rd8 29.Rc3 h5 30.Kf1 Bh6 31.Rcd3 Bg7 32.Nc2 Ne6 33.Ne3 Rxd3 34.Rxd3 
Nf4 35.Rc3 Bd7 36.Rc5 Ra8 37.Rc3 Be8 38.Rc2 Ne6 39.Rd2 Rd8 40.Rxd8 Qxd8 
41.Qc3 Nd4 42.Qd2 Qb6 43.Nc2 c5 44.bxc5 Qxc5 45.Nb4 Nxe2 46.Kxe2 Qc4+ 47.
Qd3 Qxd3+ 48.Nxd3 f6 49.Nb4 Bf8 50.Ne1 Bf7 51.Ke3 Bc5+ 52.Ke2 Bc4+ 53.Kf3 
Kf7 54.Nec2 Ke6 55.Ne3 Bb3 56.Ke2 Kd6 57.Kd3 Be6 58.Nbc2 f5 59.exf5 gxf5 
60.f3 f4 61.Nd1 Bf5+ 62.Kd2 Bxc2 63.Kxc2 Bxa3 64.Nc3 Kc6 65.g3 fxg3 66.
hxg3 Be7 67.Nxb5 Kxb5 68.Kd3 h4 69.gxh4 Bxh4 70.Ke4 Bg3 71.Kd5 Bf4 72.Ke4 
Kc4 0-1

[Event "EU-chT Seniors 05th"]
[Site "Dresden"]
[Date "2003.02.23"]
[Round "1.2"]
[White "Kahn, Manfred"]
[Black "Gafke, Manfred"]
[Result "1-0"]
[WhiteElo "2187"]
[BlackElo "1695"]
[EventDate "2003.02.23"]
[PlyCount "69"]

1.d4 d5 2.c4 e6 3.Nc3 Nf6 4.Bg5 Be7 5.e3 Nbd7 6.Nf3 O-O 7.Qc2 a6 8.cxd5 
exd5 9.Bd3 h6 10.Bf4 c5 11.dxc5 Nxc5 12.h3 Nxd3+ 13.Qxd3 Bb4 14.O-O Bxc3 
15.Qxc3 Be6 16.Qb4 b5 17.Nd4 Rc8 18.b3 Qd7 19.a4 bxa4 20.Rxa4 Qa7 21.Rfa1 
Rfe8 22.Kh2 Qc5 23.Qxc5 Rxc5 24.Rxa6 Ne4 25.b4 Rc4 26.f3 g5 27.Be5 f6 28.
fxe4 fxe5 29.Rxe6 Rxe6 30.Nxe6 Rxe4 31.Rb1 Kf7 32.b5 Rc4 33.b6 Rc8 34.b7 
Rb8 35.Nc5 1-0

[Event "EU-chT Seniors 05th"]
[Site "Dresden"]
[Date "2003.02.23"]
[Round "1.2"]
[White "Karl, Hans"]
[Black "Starke, Burkhard"]
[Result "1-0"]
[WhiteElo "2286"]
[BlackElo "2080"]
[EventDate "2003.02.23"]
[PlyCount "55"]

1.d4 f5 2.Nc3 d5 3.Bg5 c6 4.e3 Nf6 5.Bxf6 exf6 6.Bd3 Qb6 7.Rb1 Bd6 8.Qf3 
g6 9.Nge2 Be6 10.g4 Bf7 11.gxf5 g5 12.h4 gxh4 13.Rxh4 Nd7 14.Qh1 Nf8 15.
Nf4 Rg8 16.Kd2 O-O-O 17.a3 Kb8 18.b4 a6 19.Na4 Qc7 20.Nc5 Bxc5 21.bxc5 
Qa5+ 22.Ke2 Rd7 23.Rb6 Ka7 24.Qb1 Rg5 25.Rh1 Rc7 26.Qb2 Be8 27.Rb1 Rgg7 
28.Rxa6+ 1-0

[Event "EU-chT Seniors 05th"]
[Site "Dresden"]
[Date "2003.02.23"]
[Round "1.2"]
[White "Krawiec, Witold"]
[Black "Hoen, Ragnar Harald"]
[Result "0-1"]
[WhiteElo "1903"]
[BlackElo "2269"]
[EventDate "2003.02.23"]
[PlyCount "62"]

1.e4 e5 2.d4 exd4 3.Qxd4 Nc6 4.Qe3 Bb4+ 5.Nc3 Nge7 6.Bd2 O-O 7.O-O-O d6 8.
Bc4 Be6 9.Nd5 Bxd2+ 10.Qxd2 Bxd5 11.exd5 Ne5 12.Bb3 a5 13.f4 a4 14.fxe5 
axb3 15.a3 bxc2 16.Qxc2 dxe5 17.Qc4 Qd6 18.Ne2 Ra5 19.Nc3 Rc5 20.Qb3 b5 
21.Kb1 Rb8 22.Ka1 f5 23.g4 b4 24.gxf5 bxc3 25.Qxb8+ Kf7 26.b4 Rxd5 27.Rxd5
Qxd5 28.Rc1 Qb3 29.Rxc3 Qxc3+ 30.Ka2 Qc2+ 31.Ka1 e4 0-1

[Event "EU-chT Seniors 05th"]
[Site "Dresden"]
[Date "2003.02.23"]
[Round "1.2"]
[White "Lindner, Jan Joost"]
[Black "Norman, Dinah M"]
[Result "1-0"]
[WhiteElo "2093"]
[BlackElo "2021"]
[EventDate "2003.02.23"]
[PlyCount "117"]

1.c4 c6 2.b4 d5 3.e3 Nf6 4.Bb2 Bf5 5.Nf3 e6 6.b5 Be7 7.Be2 O-O 8.O-O dxc4 
9.Bxc4 cxb5 10.Bxb5 Nbd7 11.d4 Nb6 12.Nc3 Rc8 13.Qb3 Nbd5 14.Rac1 Nxc3 15.
Bxc3 Be4 16.Ne5 Bd5 17.Qa4 a6 18.Bd3 Qb6 19.Rb1 Qa7 20.Bb4 Bxb4 21.Qxb4 
Rc7 22.a4 Rfc8 23.a5 g6 24.Qb2 Nd7 25.Nxd7 Rxd7 26.Rfc1 Rxc1+ 27.Rxc1 Bc6 
28.Qb4 e5 29.Rc5 exd4 30.exd4 Rd5 31.Rxd5 Bxd5 32.h3 Kg7 33.Be2 Kg8 34.Bd3
Kg7 35.Bf1 Kg8 36.g3 Kg7 37.Bg2 Bxg2 38.Kxg2 Qb8 39.Qe7 Qc8 40.d5 Kg8 41.
d6 Qc6+ 42.Kg1 Qc1+ 43.Kh2 Qd2 44.Qe8+ Kg7 45.Qe5+ Kg8 46.Kg2 Qd3 47.h4 h5
48.Kh2 Qd2 49.Qf6 Qd5 50.Qe7 Qf3 51.Qe8+ Kg7 52.Qe5+ Qf6 53.Qc5 Qe6 54.
Qd4+ Qf6 55.Qd2 Kf8 56.d7 Qd8 57.Qd6+ Kg8 58.Kg2 Kh8 59.Qd5 1-0

[Event "EU-chT Seniors 05th"]
[Site "Dresden"]
[Date "2003.02.23"]
[Round "1.2"]
[White "Mueckan, Friedbert"]
[Black "Villing, Dieter"]
[Result "1/2-1/2"]
[WhiteElo "1938"]
[BlackElo "2171"]
[EventDate "2003.02.23"]
[PlyCount "127"]

1.e4 c5 2.Nf3 Nc6 3.d4 cxd4 4.Nxd4 Nf6 5.Nc3 e5 6.Ndb5 d6 7.Bg5 a6 8.Na3 
b5 9.Nd5 Be7 10.Nxe7 Qxe7 11.f3 O-O 12.c4 Nd4 13.cxb5 Qb7 14.Bxf6 gxf6 15.
Bc4 Be6 16.O-O axb5 17.Bd3 Rfc8 18.Rf2 Qb6 19.Kf1 b4 20.Nc2 Rxa2 21.Rxa2 
Bxa2 22.Nxd4 Qxd4 23.Rd2 Qe3 24.Bc2 Bc4+ 25.Bd3 d5 26.exd5 Bxd5 27.Rc2 
Rxc2 28.Qxc2 Kg7 29.Bxh7 Qd4 30.Bd3 f5 31.Qd2 f4 32.Qc2 Kf6 33.h4 Be6 34.
Be2 Kg7 35.Qc1 Kh6 36.g4 Kg7 37.Qc2 b3 38.Qc1 Bd5 39.h5 Kh6 40.Kg2 Be6 41.
Qb1 Qd2 42.Kf1 Qc2 43.Qa1 Bc4 44.Bxc4 Qxc4+ 45.Ke1 Qd3 46.Qd1 Qe3+ 47.Kf1 
Kg5 48.Kg2 f6 49.Kf1 Kh4 50.Qe1+ Qxe1+ 51.Kxe1 Kg5 52.Ke2 f5 53.gxf5 Kxf5 
54.Kd3 Kg5 55.Kc4 Kf5 56.Kd5 Kf6 57.Kd6 e4 58.fxe4 f3 59.e5+ Kf5 60.e6 f2 
61.e7 f1=Q 62.e8=Q Qd3+ 63.Kc5 Qc2+ 64.Kb4 1/2-1/2

[Event "EU-chT Seniors 05th"]
[Site "Dresden"]
[Date "2003.02.23"]
[Round "1.2"]
[White "Mueller, Siegmar"]
[Black "Jaeger, Erich"]
[Result "1/2-1/2"]
[WhiteElo "1821"]
[BlackElo "2219"]
[EventDate "2003.02.23"]
[PlyCount "35"]

1.Nc3 d5 2.e4 d4 3.Nce2 e5 4.Ng3 Be6 5.Bb5+ Nd7 6.Bxd7+ Qxd7 7.d3 Ne7 8.
N1e2 Ng6 9.O-O O-O-O 10.f4 exf4 11.Bxf4 Bg4 12.Qd2 f6 13.Qa5 Kb8 14.a4 h5 
15.h3 Be6 16.Kh2 h4 17.Nf5 Bxf5 18.Qxf5 1/2-1/2

[Event "EU-chT Seniors 05th"]
[Site "Dresden"]
[Date "2003.02.23"]
[Round "1.2"]
[White "Potthammel, Joerg"]
[Black "Watzka, Horst"]
[Result "0-1"]
[WhiteElo "2107"]
[BlackElo "2337"]
[EventDate "2003.02.23"]
[PlyCount "50"]

1.e4 c5 2.Nf3 Nc6 3.d4 cxd4 4.Nxd4 Nf6 5.Nc3 e6 6.Ndb5 Bb4 7.a3 Bxc3+ 8.
Nxc3 d5 9.exd5 exd5 10.Bg5 O-O 11.Be2 Re8 12.O-O d4 13.Nb1 Qd6 14.Bxf6 
Qxf6 15.Nd2 Bf5 16.Nf3 Rad8 17.Ne1 Qe6 18.Bd3 Bg4 19.Qd2 Ne5 20.b3 Qc6 21.
f3 Be6 22.a4 a6 23.Be4 Qc7 24.Rd1 Bc8 25.g4 Nxg4 0-1

[Event "EU-chT Seniors 05th"]
[Site "Dresden"]
[Date "2003.02.23"]
[Round "1.2"]
[White "Reuben, Stewart"]
[Black "Neese, Hans Joachim"]
[Result "1-0"]
[WhiteElo "2161"]
[BlackElo "2252"]
[EventDate "2003.02.23"]
[PlyCount "57"]

1.c4 Nf6 2.g3 c5 3.Bg2 Nc6 4.Nc3 g6 5.e4 Bg7 6.Nge2 d6 7.O-O O-O 8.d3 Bd7 
9.h3 Rb8 10.Be3 a6 11.d4 cxd4 12.Nxd4 Qc8 13.Na4 b5 14.cxb5 axb5 15.Nxc6 
Bxc6 16.Nb6 Qb7 17.Nd5 e6 18.Nxf6+ Bxf6 19.Bd4 e5 20.Be3 Be7 21.Bh6 Rfd8 
22.Qd3 Bd7 23.f4 Be6 24.b3 Qb6+ 25.Kh2 f5 26.exf5 gxf5 27.Bd5 Kf7 28.Qxf5+
Ke8 29.Bxe6 1-0

[Event "EU-chT Seniors 05th"]
[Site "Dresden"]
[Date "2003.02.23"]
[Round "1.2"]
[White "Richardson, Keith B"]
[Black "Schwertel, Hans"]
[Result "1-0"]
[WhiteElo "2141"]
[BlackElo "2050"]
[EventDate "2003.02.23"]
[PlyCount "117"]

1.c4 e5 2.Nc3 Nc6 3.g3 Nf6 4.Bg2 Bc5 5.e3 O-O 6.Nge2 Re8 7.O-O a6 8.a3 Bf8
9.b4 d6 10.Bb2 Be6 11.Nd5 Nd7 12.Rc1 Rb8 13.d4 Bg4 14.f3 Bh5 15.e4 f6 16.
Qd2 Bf7 17.Ne3 Ne7 18.d5 b6 19.f4 Ng6 20.f5 Ne7 21.Rc2 Ra8 22.h4 Kh8 23.
Bh3 Ng8 24.Kh2 a5 25.Rg1 axb4 26.axb4 g5 27.fxg6 hxg6 28.Nc3 Bh6 29.Qe2 
Nf8 30.Ra1 Qe7 31.Ng4 Bg7 32.Nb5 Rxa1 33.Bxa1 f5 34.exf5 gxf5 35.Ne3 f4 
36.Nf5 fxg3+ 37.Kxg3 Qd8 38.Nxg7 Kxg7 39.Qg4+ Bg6 40.Rf2 Nh6 41.Qg5 Qxg5+ 
42.hxg5 Nf7 43.Nxc7 Re7 44.Nb5 Nh7 45.Bf5 Nhxg5 46.Bxg6 Kxg6 47.Ra2 Rb7 
48.Kf2 Ne4+ 49.Ke3 Nfg5 50.Ra7 Rxa7 51.Nxa7 Kf5 52.Nc8 Nf7 53.Nxb6 Nf6 54.
Bc3 Nh6 55.b5 Nhg4+ 56.Ke2 Ne4 57.Bb4 Kf4 58.Nc8 Ng3+ 59.Ke1 1-0